Aplikacje do Oglądania VOD - Statystyki

Ogólne statystyki
  • Ten quiz został rozwiązany 80 razy
  • Średni wynik to 5 z 13
Statystyki odpowiedzi
Odpowiedzi % Poprawnych
Netflix
96%
Player
70%
HBO Max
59%
Disney Plus
55%
Polsat GO | Ipla
54%
TVP VOD
39%
Amazon Prime Video
32%
Viaplay
25%
Canal+ Online
18%
Apple TV
14%
Rakuten
14%
Chili
13%
CDA Premium
9%
Nie znaleziono quizów pasujących do podanych kryteriów
Rozkład punktacji
Procent ludzi z każdym wynikiem
Percentyl według liczby udzielonych odpowiedzi
Twoja historia wyników
Nie rozwiązałeś tego quizu